[Event "POL-chT 2nd League"]
[Site "Poronin"]
[Date "2020.09.11"]
[Round "7.11"]
[White "Zareba, Radoslaw"]
[Black "Kamieniecki, Tomasz"]
[Result "1/2-1/2"]
[WhiteElo "2111"]
[BlackElo "1930"]
[PlyCount "152"]
[EventDate "2020.09.05"]
[EventType "team-swiss"]
[EventRounds "9"]
[EventCountry "POL"]
[SourceTitle "CBM 198 Extra"]
[Source "ChessBase"]
[SourceDate "2020.11.30"]
[SourceVersion "1"]
[SourceVersionDate "2020.11.30"]
[SourceQuality "1"]
[WhiteTeam "Wisznia Mala Bialy Krol II"]
[BlackTeam "Koszalin Hetman Politechnika"]
[WhiteTeamCountry "POL"]
[BlackTeamCountry "POL"]

1. e4 Nf6 2. e5 Nd5 3. d4 d6 4. Bc4 Nb6 5. Bb3 a5 6. a4 Nc6 7. e6 fxe6 8. Nf3 d5 9. Nc3 g6 10. h4 Bg7 11. h5 e5 12. dxe5 Bg4 13. hxg6 hxg6 14. Rxh8+ Bxh8 15. Qd3 Bf5 16. Qe2 Qd7 17. Bf4 0-0-0 18. 0-0-0 Bg4 19. Nxd5 Nxd5 20. Rxd5 Qf5 21. Rxd8+ Nxd8 22. Qe3 Bxf3 23. gxf3 g5 24. Bxg5 Bxe5 25. f4 Bf6 26. Kb1 b6 27. f3 Qd7 28. Ka2 Qd6 29. Qe4 c6 30. Qc4 Kb7 31. Qg8 Ka7 32. f5 Bxg5 33. Qxg5 Nb7 34. Qe3 Nc5 35. f4 Kb7 36. Qe5 Kc7 37. Qg7 Na6 38. c3 Nc5 39. Qe5 Nd7 40. Qe6 Nc5 41. Qc4 Nd3 42. Bc2 Nc5 43. Qf7 Nd7 44. Qc4 Qd5 45. Qxd5 cxd5 46. b4 Nf6 47. Bd1 Kd6 48. Kb3 Ne4 49. Kc2 Ng3 50. Bg4 Ne4 51. Bf3 Ng3 52. Bg4 Ne4 53. Bh5 Ng3 54. Bg6 Ne2 55. c4 Nxf4 56. c5+ bxc5 57. bxa5 Kc6 58. Be8+ Kb7 59. Bb5 Ng2 60. Kd3 Nh4 61. Bd7 Ka6 62. Be6 d4 63. Kc4 Kxa5 64. Kxc5 d3 65. Bb3 Nxf5 66. Kc4 d2 67. Kd3 Kb4 68. Bd1 Nd6 69. Kxd2 Nc4+ 70. Ke2 Nb2 71. Bc2 Nxa4 72. Ke3 Nc3 73. Kd4 Ne2+ 74. Ke5 Kc5 75. Ke6 Nd4+ 76. Kxe7 Nxc2 1/2-1/2

[Event "Rewal op-A 18th"]
[Site "Rewal"]
[Date "2013.08.23"]
[Round "4"]
[White "Kamieniecki, Tomasz"]
[Black "Gabryjalowicz, Jakub"]
[Result "1-0"]
[WhiteElo "1974"]
[BlackElo "1781"]
[PlyCount "79"]
[EventDate "2013.08.20"]
[EventType "swiss"]
[EventRounds "9"]
[EventCountry "POL"]
[SourceTitle "CBM 156 Extra"]
[Source "ChessBase"]
[SourceDate "2013.10.22"]
[SourceVersion "1"]
[SourceVersionDate "2013.10.22"]
[SourceQuality "1"]

1. d4 d5 2. c4 c6 3. Nc3 Nf6 4. Nf3 dxc4 5. a4 Bg4 6. Ne5 Bh5 7. f3 e6 8. e4 Bb4 9. Be2 0-0 10. 0-0 h6 11. g4 Bg6 12. Nxg6 fxg6 13. Bxc4 Qe7 14. Qb3 Kh7 15. Bxe6 Na6 16. Bc4 Nc7 17. Qc2 Qd7 18. Be3 Kh8 19. Rad1 g5 20. Ba2 Rae8 21. Bb1 g6 22. h3 Qg7 23. Bf2 a5 24. Bg3 Ne6 25. e5 Nd5 26. Nxd5 cxd5 27. Qxg6 Qxg6 28. Bxg6 Rd8 29. Kf2 Nf4 30. Bxf4 Rxf4 31. Bf5 Re8 32. Ke3 Bd6 33. Rc1 Bb8 34. Rfd1 Ba7 35. Rc8 Rxc8 36. Bxc8 b5 37. axb5 Rf8 38. Bf5 Kg7 39. Rc1 Rf7 40. Rc6 1-0

[Event "Kowalewo Pomorskie op"]
[Site "Kowalewo Pomorskie"]
[Date "2013.07.13"]
[Round "6"]
[White "Kindler, Przemyslaw"]
[Black "Kamieniecki, Tomasz"]
[Result "1/2-1/2"]
[WhiteElo "1768"]
[BlackElo "1963"]
[PlyCount "29"]
[EventDate "2013.07.10"]
[EventType "swiss"]
[EventRounds "9"]
[EventCountry "POL"]
[SourceTitle "CBM 155 Extra"]
[Source "ChessBase"]
[SourceDate "2013.08.26"]
[SourceVersion "1"]
[SourceVersionDate "2013.08.26"]
[SourceQuality "1"]

1. e4 Nf6 2. Nc3 d5 3. e5 Nfd7 4. e6 fxe6 5. d4 g6 6. Nf3 Bg7 7. h4 c5 8. h5 Nc6 9. dxc5 Nxc5 10. hxg6 hxg6 11. Rxh8+ Bxh8 12. Bd3 Nxd3+ 13. Qxd3 Ne5 14. Nxe5 Bxe5 15. Qxg6+ 1/2-1/2

[Event "POL-chT 2nd League"]
[Site "Lazy"]
[Date "2012.09.05"]
[Round "5"]
[White "Kanarkiewicz, Michal"]
[Black "Kamieniecki, Tomasz"]
[Result "1-0"]
[WhiteElo "2096"]
[BlackElo "1992"]
[PlyCount "63"]
[EventDate "2012.09.01"]
[EventType "team-swiss"]
[EventRounds "9"]
[EventCountry "POL"]
[SourceTitle "EXT 2019"]
[Source "ChessBase"]
[SourceDate "2018.10.10"]
[SourceVersion "1"]
[SourceVersionDate "2018.10.10"]
[SourceQuality "1"]
[WhiteTeam "Gdynia Korsarz"]
[BlackTeam "Koszalin Hetman Politechnika"]
[WhiteTeamCountry "POL"]
[BlackTeamCountry "POL"]

1. e4 Nf6 2. e5 Nd5 3. d4 d6 4. Nf3 Bg4 5. Be2 e6 6. 0-0 Be7 7. c4 Nb6 8. Nc3 0-0 9. Be3 Nc6 10. exd6 cxd6 11. d5 Bxf3 12. Bxf3 Ne5 13. dxe6 Nxf3+ 14. Qxf3 fxe6 15. Qxb7 Nxc4 16. Qe4 Qc8 17. Rac1 Nxe3 18. Qxe3 Qd7 19. Rfe1 e5 20. Nd5 Rac8 21. Rxc8 Rxc8 22. Rc1 Bd8 23. h3 Rxc1+ 24. Qxc1 Bb6 25. Qc4 Kf8 26. b4 Bd4 27. b5 Qf5 28. Ne3 Qb1+ 29. Kh2 Qb2 30. Qc8+ Kf7 31. Qd7+ Kf8 32. Nf5 1-0

[Event "Krakow op-B 22nd"]
[Site "Krakow"]
[Date "2012.01.03"]
[Round "8"]
[White "Nikitin, Aleksander I"]
[Black "Kamieniecki, Tomasz"]
[Result "1/2-1/2"]
[WhiteElo "2094"]
[BlackElo "1987"]
[PlyCount "36"]
[EventDate "2011.12.27"]
[EventType "swiss"]
[EventRounds "9"]
[EventCountry "POL"]
[SourceTitle "CBM 146 Extra"]
[Source "ChessBase"]
[SourceDate "2012.02.29"]
[SourceVersion "1"]
[SourceVersionDate "2012.02.29"]
[SourceQuality "1"]

1. b4 d6 2. Bb2 Nd7 3. c4 Ngf6 4. e3 g6 5. Nc3 Bg7 6. Nf3 0-0 7. Be2 c6 8. 0-0 e5 9. d3 Qe7 10. Qb3 Ne8 11. e4 Nc7 12. Rfe1 Ne6 13. Bf1 Kh8 14. Ne2 f5 15. exf5 gxf5 16. Ng3 Ng5 17. Nd2 Qf7 18. Rad1 Qg6 1/2-1/2

[Event "Krakow op-B 22nd"]
[Site "Krakow"]
[Date "2011.12.30"]
[Round "4"]
[White "Zaboklicki, Zbigniew"]
[Black "Kamieniecki, Tomasz"]
[Result "0-1"]
[WhiteElo "1856"]
[BlackElo "1987"]
[PlyCount "158"]
[EventDate "2011.12.27"]
[EventType "swiss"]
[EventRounds "9"]
[EventCountry "POL"]
[SourceTitle "CBM 146 Extra"]
[Source "ChessBase"]
[SourceDate "2012.02.29"]
[SourceVersion "1"]
[SourceVersionDate "2012.02.29"]
[SourceQuality "1"]

1. Nf3 Nf6 2. d4 g6 3. g3 Bg7 4. Bg2 0-0 5. 0-0 d6 6. Nbd2 Nbd7 7. Nb3 c6 8. Re1 Qc7 9. e4 e5 10. c3 Re8 11. dxe5 dxe5 12. Qc2 a5 13. a4 b6 14. Nbd2 Ba6 15. b3 Nc5 16. c4 Rad8 17. Bf1 Ne6 18. Bb2 Nd7 19. Rad1 Nd4 20. Nxd4 exd4 21. Nf3 c5 22. Bc1 Bb7 23. Bg2 Nf6 24. Bf4 Qc8 25. e5 Ng4 26. Bg5 Bxf3 27. Bxf3 Nxe5 28. Rxe5 Rxe5 29. Bxd8 Qxd8 30. Qd3 Bh6 31. Kg2 Qe7 32. Rb1 f5 33. Rb2 Bg7 34. Re2 Rxe2 35. Qxe2 Qxe2 36. Bxe2 Kf7 37. Bd3 Kf6 38. f4 g5 39. fxg5+ Kxg5 40. Kf3 Be5 41. h3 h6 42. Bc2 Bb8 43. Bd3 Kf6 44. Bc2 Ke5 45. Bd3 Bc7 46. g4 f4 47. h4 Bd8 48. g5 hxg5 49. hxg5 Bxg5 50. Kg4 Bh6 51. Kf3 Bf8 52. Kg4 Be7 53. Kf3 Bh4 54. Kg4 Be1 55. Kf3 Bd2 56. Ke2 Bc1 57. Kf3 Be3 58. Kg4 Kf6 59. Kf3 Kg5 60. Be4 Kh4 61. Bd3 Kh3 62. Bf1+ Kh2 63. Bd3 Kg1 64. Be2 Bd2 65. Bd3 Kh2 66. Bf5 Bc1 67. Bd3 Kh3 68. Bf5+ Kh4 69. Bd3 Kg5 70. Be4 d3 71. Bxd3 Kf6 72. Ke4 f3 73. Kd5 Kg5 74. Kc6 Bd2 75. Kxb6 Bb4 76. Kc6 Kf4 77. Kd5 Ke3 78. Bf1 f2 79. Ke5 Kd2 0-1

[Event "Krakow op-B 22nd"]
[Site "Krakow"]
[Date "2011.12.28"]
[Round "2"]
[White "Kuspak, Aleksander"]
[Black "Kamieniecki, Tomasz"]
[Result "1-0"]
[WhiteElo "1867"]
[BlackElo "1987"]
[PlyCount "69"]
[EventDate "2011.12.27"]
[EventType "swiss"]
[EventRounds "9"]
[EventCountry "POL"]
[SourceTitle "CBM 146 Extra"]
[Source "ChessBase"]
[SourceDate "2012.02.29"]
[SourceVersion "1"]
[SourceVersionDate "2012.02.29"]
[SourceQuality "1"]

1. e4 Nf6 2. Nc3 d5 3. e5 Nfd7 4. f4 e6 5. d4 c5 6. Nf3 Nc6 7. Ne2 Be7 8. c3 b5 9. dxc5 Bxc5 10. Ned4 Nxd4 11. cxd4 Be7 12. Bd3 Qb6 13. 0-0 g6 14. Kh1 b4 15. Qa4 0-0 16. Be3 Nb8 17. g4 a5 18. f5 exf5 19. gxf5 Bxf5 20. Bxf5 gxf5 21. Rg1+ Kh8 22. Qc2 Qe6 23. Qg2 Qg6 24. Qh3 Qe6 25. Bh6 Rg8 26. Rxg8+ Kxg8 27. Rg1+ Kh8 28. Bg7+ Kg8 29. Ng5 Qg6 30. Bf6 Bxf6 31. exf6 Kh8 32. Nxf7+ Qxf7 33. Rg7 Qxg7 34. fxg7+ Kxg7 35. Qxf5 1-0

[Event "Warsaw Najdorf Memorial op-A"]
[Site "Warsaw"]
[Date "2011.07.16"]
[Round "3"]
[White "Kamieniecki, Tomasz"]
[Black "Solnicki, Michal"]
[Result "0-1"]
[WhiteElo "2009"]
[BlackElo "2118"]
[PlyCount "122"]
[EventDate "2011.07.13"]
[EventType "swiss"]
[EventRounds "9"]
[EventCountry "POL"]
[SourceTitle "CBM 143 Extra"]
[Source "ChessBase"]
[SourceDate "2011.08.29"]
[SourceVersion "1"]
[SourceVersionDate "2011.08.29"]
[SourceQuality "1"]

1. d4 d5 2. c4 c6 3. Nc3 Nf6 4. Nf3 e6 5. e3 a6 6. b3 b5 7. Bd2 Nbd7 8. Qc2 Bd6 9. Be2 0-0 10. 0-0 Re8 11. Rad1 Bb7 12. Rfe1 Qc7 13. Bd3 bxc4 14. bxc4 dxc4 15. Be2 c5 16. g3 cxd4 17. exd4 Qc6 18. Qa4 Qxa4 19. Nxa4 Rec8 20. Ne5 Bxe5 21. dxe5 Nd5 22. Bf3 Bc6 23. Nc3 Nxc3 24. Bxc3 Nxe5 25. Bxc6 Nxc6 26. Re4 Ne7 27. Rg4 Nf5 28. h4 h5 29. Rf4 Rab8 30. g4 hxg4 31. Rxg4 Kf8 32. h5 f6 33. Rd7 Rb1+ 34. Kg2 Rb5 35. h6 Nxh6 36. Rgxg7 Rg5+ 37. Rxg5 fxg5 38. Ra7 Nf5 39. Rxa6 Ke7 40. Kf3 Rd8 41. Ke4 Rd3 42. Ra7+ Kd6 43. Be5+ Kc5 44. Rc7+ Kb5 45. Rb7+ Ka5 46. Rc7 Rd1 47. Bc3+ Kb6 48. Rh7 Rd3 49. Bf6 g4 50. a4 Rd2 51. Kf4 Rxf2+ 52. Kxg4 Ne3+ 53. Kg5 Rg2+ 54. Kh5 Rh2+ 55. Kg6 Rxh7 56. Kxh7 Ka5 57. Kg7 Ng4 58. Ba1 Kxa4 59. Kg6 Kb3 60. Kg5 c3 61. Kxg4 c2 0-1

[Event "Warsaw Najdorf Memorial op-A"]
[Site "Warsaw"]
[Date "2011.07.14"]
[Round "1"]
[White "Kamieniecki, Tomasz"]
[Black "Baghdasaryan, Vahe"]
[Result "0-1"]
[WhiteElo "2009"]
[BlackElo "2289"]
[PlyCount "99"]
[EventDate "2011.07.13"]
[EventType "swiss"]
[EventRounds "9"]
[EventCountry "POL"]
[SourceTitle "CBM 143 Extra"]
[Source "ChessBase"]
[SourceDate "2011.08.29"]
[SourceVersion "1"]
[SourceVersionDate "2011.08.29"]
[SourceQuality "1"]

1. d4 d5 2. c4 c6 3. Nc3 Nf6 4. cxd5 cxd5 5. Nf3 a6 6. Bf4 Nc6 7. e3 Bg4 8. Be2 e6 9. 0-0 Bd6 10. Bg3 Bxg3 11. hxg3 Qd6 12. Rc1 0-0 13. Nh4 Bxe2 14. Qxe2 b5 15. Nf3 Rac8 16. Nh2 Ne4 17. g4 Nb4 18. Nxe4 dxe4 19. g5 Nxa2 20. Rxc8 Rxc8 21. Qh5 Qd5 22. Ng4 f6 23. Qh3 fxg5 24. Ne5 Nb4 25. Qh5 Nd3 26. Qf7+ Kh8 27. f4 gxf4 28. Rxf4 Nxf4 29. Qxf4 Qa8 30. Qh4 h6 31. Qg4 Rc1+ 32. Kh2 Qe8 33. Ng6+ Kh7 34. Ne5 Kh8 35. Qxe4 Qh5+ 36. Kg3 Qg5+ 37. Ng4 h5 38. Qxe6 Kh7 39. Qe4+ Qg6 40. Qxg6+ Kxg6 41. Ne5+ Kf5 42. Nd3 Rd1 43. Nc5 a5 44. e4+ Kf6 45. e5+ Ke7 46. Kf4 Rxd4+ 47. Kf5 Rg4 48. e6 g6+ 49. Ke5 Rg5+ 50. Kd4 0-1

[Event "Gryfice Region-ch 08th"]
[Site "Gryfice"]
[Date "2010.11.21"]
[Round "8"]
[White "Kamieniecki, Tomasz"]
[Black "Smal, Tobiasz"]
[Result "1-0"]
[WhiteElo "2033"]
[BlackElo "1654"]
[PlyCount "89"]
[EventDate "2010.11.13"]
[EventType "swiss"]
[EventRounds "9"]
[EventCountry "POL"]
[SourceTitle "EXT 2023"]
[Source "ChessBase"]
[SourceDate "2022.10.05"]
[SourceVersion "1"]
[SourceVersionDate "2022.10.05"]
[SourceQuality "1"]

1. d4 e6 2. c4 Nf6 3. Nc3 Bb4 4. e3 0-0 5. Bd3 b6 6. Nge2 Bb7 7. 0-0 d6 8. e4 h6 9. Ng3 Bxc3 10. bxc3 Nbd7 11. f4 e5 12. fxe5 dxe5 13. d5 Nc5 14. Qf3 Bc8 15. h3 Ne8 16. Bc2 Nd6 17. Nh5 Qh4 18. g4 Nd7 19. Kg2 Kh7 20. Ng3 Qe7 21. g5 g6 22. gxh6 Nxc4 23. Kh2 Nc5 24. Rg1 Nd6 25. Be3 Nd7 26. Raf1 f6 27. h4 Ba6 28. Rf2 Rg8 29. h5 Qf7 30. Rfg2 g5 31. Nf5 Raf8 32. Ng7 Ne8 33. Ne6 Nd6 34. Nxf8+ Nxf8 35. Qg4 Bc8 36. Qe2 g4 37. Kg3 f5 38. exf5 Bxf5 39. Rf1 Qxh5 40. Rh2 Qh3+ 41. Rxh3 gxh3+ 42. Kh2 Rg2+ 43. Qxg2 hxg2 44. Bxf5+ Nxf5 45. Rxf5 1-0

[Event "Gryfice Region-ch 08th"]
[Site "Gryfice"]
[Date "2010.11.14"]
[Round "4"]
[White "Kamieniecki, Tomasz"]
[Black "Czuchnicki, Adam"]
[Result "0-1"]
[WhiteElo "2033"]
[BlackElo "2086"]
[PlyCount "116"]
[EventDate "2010.11.13"]
[EventType "swiss"]
[EventRounds "9"]
[EventCountry "POL"]
[SourceTitle "EXT 2023"]
[Source "ChessBase"]
[SourceDate "2022.10.05"]
[SourceVersion "1"]
[SourceVersionDate "2022.10.05"]
[SourceQuality "1"]

1. d4 f5 2. c4 Nf6 3. Nc3 d6 4. Nf3 g6 5. Qc2 Bg7 6. e3 0-0 7. b3 Qe8 8. Ba3 h6 9. Be2 Nc6 10. 0-0-0 a5 11. Nd2 e5 12. dxe5 Qxe5 13. Bb2 Nb4 14. Qb1 Qe7 15. a3 Na6 16. Nd5 Nxd5 17. cxd5 Nc5 18. Bxg7 Qxg7 19. Qb2 Bd7 20. Qxg7+ Kxg7 21. Kb2 Be8 22. Rhe1 Bf7 23. Nb1 Ne4 24. f3 Nf6 25. Nc3 Rfe8 26. Bc4 Re5 27. Rd3 Rae8 28. Kc2 Rd8 29. Red1 g5 30. R1d2 Re7 31. Kd1 g4 32. Ke2 Bh5 33. Kf2 Nd7 34. Rd4 Ne5 35. Rf4 Rf8 36. Nb5 Ng6 37. Rfd4 Rfe8 38. Re2 Kf6 39. Rc2 gxf3 40. gxf3 Rxe3 41. Be2 Rxb3 42. Nxc7 Rc8 43. Rdc4 Rxa3 44. Rb2 Ne5 45. Rh4 Bxf3 46. Ne6 Bxd5 47. Rxh6+ Ke7 48. Nf4 Bc6 49. Rd2 Ng4+ 50. Bxg4 fxg4 51. Rh7+ Kf6 52. Nd3 Rf8 53. Ke3 Kg6 54. Re7 Rf3+ 55. Kd4 Kf6 56. Rh7 Ra4+ 57. Kc3 Be4 58. Rh6+ Ke7 0-1

[Event "Gryfice Region-ch 08th"]
[Site "Gryfice"]
[Date "2010.11.13"]
[Round "3"]
[White "Maruszczak, Joanna"]
[Black "Kamieniecki, Tomasz"]
[Result "1/2-1/2"]
[WhiteElo "1738"]
[BlackElo "2033"]
[PlyCount "61"]
[EventDate "2010.11.13"]
[EventType "swiss"]
[EventRounds "9"]
[EventCountry "POL"]
[SourceTitle "EXT 2023"]
[Source "ChessBase"]
[SourceDate "2022.10.05"]
[SourceVersion "1"]
[SourceVersionDate "2022.10.05"]
[SourceQuality "1"]

1. e4 Nf6 2. e5 Nd5 3. d4 d6 4. exd6 exd6 5. Nf3 Bg4 6. Be2 Be7 7. 0-0 0-0 8. Nbd2 Nf4 9. Nc4 Nxe2+ 10. Qxe2 Nc6 11. c3 Bf6 12. Be3 Re8 13. h3 Bh5 14. Rfe1 Qd7 15. Ncd2 Rad8 16. Qf1 Bg6 17. Bg5 Bxg5 18. Nxg5 h6 19. Ngf3 a6 20. Rxe8+ Rxe8 21. Re1 Rxe1 22. Qxe1 Qe6 23. Qxe6 fxe6 24. Kf1 Bd3+ 25. Ke1 Na5 26. b4 Nc4 27. Nxc4 Bxc4 28. a3 Kf7 29. Kd2 Bf1 30. Ne1 g5 31. Ke3 1/2-1/2

[Event "Warsaw Najdorf Memorial op-A"]
[Site "Warsaw"]
[Date "2010.07.18"]
[Round "2"]
[White "Kamieniecki, Tomasz"]
[Black "Czarnota, Dorota"]
[Result "0-1"]
[WhiteElo "2016"]
[BlackElo "2214"]
[PlyCount "62"]
[EventDate "2010.07.17"]
[EventType "swiss"]
[EventRounds "9"]
[EventCountry "POL"]
[SourceTitle "CBM 137 Extra"]
[Source "ChessBase"]
[SourceDate "2010.09.01"]
[SourceVersion "1"]
[SourceVersionDate "2010.09.01"]
[SourceQuality "1"]

1. d4 Nf6 2. c4 d6 3. Nc3 Nbd7 4. e4 e5 5. Nf3 g6 6. Be2 Bg7 7. 0-0 0-0 8. d5 Nc5 9. Qc2 a5 10. b3 Nh5 11. a3 Nf4 12. Bxf4 exf4 13. Rad1 Bd7 14. Nd4 Re8 15. f3 Re5 16. g4 h5 17. Rf2 Qh4 18. Rg2 Rg5 19. Qd2 Be5 20. b4 axb4 21. axb4 Na6 22. Na2 Re8 23. h3 Kg7 24. Nb5 Rh8 25. Qe1 Qxh3 26. Rh2 Qxh2+ 27. Kxh2 hxg4+ 28. Kg2 gxf3+ 29. Kf1 Rh1+ 30. Kf2 Rh2+ 31. Kxf3 Bg4# 0-1

[Event "Kochan Memorial op-B 16th"]
[Site "Koszalin"]
[Date "2005.08.??"]
[Round "9"]
[White "Jozwik, Jacek"]
[Black "Kamieniecki, Tomasz"]
[Result "0-1"]
[WhiteElo "2095"]
[BlackElo "2011"]
[PlyCount "138"]
[EventDate "2005.08.??"]
[EventType "swiss"]
[EventRounds "10"]
[EventCountry "POL"]
[SourceTitle "EXT 2006"]
[Source "ChessBase"]
[SourceDate "2005.11.24"]
[SourceVersion "1"]
[SourceVersionDate "2005.11.24"]
[SourceQuality "1"]

1. Nf3 Nf6 2. g3 g6 3. Bg2 Bg7 4. 0-0 0-0 5. d4 d6 6. c4 Nc6 7. d5 Na5 8. Nbd2 c5 9. Qc2 a6 10. Ne1 Rb8 11. Nd3 b5 12. e4 Ng4 13. Rb1 f5 14. b3 e5 15. dxe6 Bxe6 16. Nf4 Bd7 17. Bb2 Nc6 18. Bxg7 Kxg7 19. exf5 Nd4 20. Qb2 Ne5 21. cxb5 axb5 22. Ne6+ Bxe6 23. fxe6 Qf6 24. Ne4 Qxe6 25. Rbd1 h6 26. f4 Nd7 27. Rfe1 Rbe8 28. Kf2 Nf6 29. h3 Nxe4+ 30. Rxe4 Qf6 31. Rde1 Rxe4 32. Rxe4 Rf7 33. Qd2 Re7 34. Qe3 Rxe4 35. Qxe4 h5 36. Qe8 Qe6 37. Qxe6 Nxe6 38. a4 c4 39. bxc4 bxa4 40. Be4 a3 41. Bb1 Nc5 42. Ke3 Kf6 43. Kd4 Na4 44. Ba2 Kf5 45. Bb1+ Ke6 46. Kd3 d5 47. Ba2 Nb2+ 48. Kc3 Nxc4 49. Kb3 Kf5 50. Bb1+ Kf6 51. Ka2 d4 52. Bd3 Nd6 53. Kxa3 Nf5 54. g4 Ne3 55. Be4 hxg4 56. hxg4 Nxg4 57. Kb4 Nf2 58. Bg2 Nd3+ 59. Kc4 Nxf4 60. Bf3 Ke5 61. Bc6 g5 62. Bd7 Ke4 63. Bc6+ Ke3 64. Bd7 d3 65. Bg4 Ne2 66. Kb3 Nd4+ 67. Kc3 d2 68. Kb2 Nf3 69. Kc2 Ke2 0-1

[Event "Kochan Memorial op-B 16th"]
[Site "Koszalin"]
[Date "2005.08.??"]
[Round "6"]
[White "Piorun, Kacper"]
[Black "Kamieniecki, Tomasz"]
[Result "1/2-1/2"]
[WhiteElo "1855"]
[BlackElo "2011"]
[PlyCount "135"]
[EventDate "2005.08.??"]
[EventType "swiss"]
[EventRounds "10"]
[EventCountry "POL"]
[SourceTitle "EXT 2006"]
[Source "ChessBase"]
[SourceDate "2005.11.24"]
[SourceVersion "1"]
[SourceVersionDate "2005.11.24"]
[SourceQuality "1"]

1. e4 Nf6 2. e5 Nd5 3. d4 d6 4. Nf3 Bg4 5. Be2 e6 6. 0-0 Be7 7. c4 Nb6 8. Nc3 0-0 9. Be3 Nc6 10. exd6 cxd6 11. d5 Bxf3 12. Bxf3 Ne5 13. dxe6 fxe6 14. Bg4 Nxg4 15. Bxb6 Qxb6 16. Qxg4 Rf6 17. Rae1 Raf8 18. Na4 Qc6 19. Rxe6 Rf4 20. Qe2 Bf6 21. g3 Rxc4 22. Rxd6 Qc8 23. Nc3 Bxc3 24. bxc3 Rxc3 25. Rfd1 Rc2 26. R1d2 Rc1+ 27. Kg2 Rc6 28. f4 Rxd6 29. Rxd6 Re8 30. Qd3 Kh8 31. f5 Rf8 32. g4 h6 33. a4 Qc1 34. f6 Qb2+ 35. Kh3 gxf6 36. Qe3 Kg7 37. Qe6 Rf7 38. Rd7 Qa3+ 39. Kh4 Qf8 40. Qd5 Rxd7 41. Qxd7+ Qf7 42. Qd4 b6 43. h3 Qe7 44. Qc3 Qc5 45. Qd3 Qg5+ 46. Kg3 Qe5+ 47. Kf3 Qe7 48. Kg3 Qc7+ 49. Kh4 Qb7 50. Kh5 Qf7+ 51. Kh4 Qe8 52. Qc4 Qe1+ 53. Kh5 Qe5+ 54. Kh4 Qg5+ 55. Kg3 Qe3+ 56. Kg2 Qd2+ 57. Kg3 Qe1+ 58. Kg2 Qe5 59. Qd3 Qc7 60. Qe4 Qd7 61. h4 Qd2+ 62. Kh3 Qc3+ 63. Kg2 Qb2+ 64. Kh3 Qb3+ 65. Kg2 Qb2+ 66. Kh3 Qc3+ 67. Kg2 Qd2+ 68. Kh3 1/2-1/2

[Event "Kochan Memorial op-B 16th"]
[Site "Koszalin"]
[Date "2005.08.??"]
[Round "8"]
[White "Rydzik, Karol"]
[Black "Kamieniecki, Tomasz"]
[Result "1-0"]
[WhiteElo "2092"]
[BlackElo "2011"]
[PlyCount "123"]
[EventDate "2005.08.??"]
[EventType "swiss"]
[EventRounds "10"]
[EventCountry "POL"]
[SourceTitle "EXT 2006"]
[Source "ChessBase"]
[SourceDate "2005.11.24"]
[SourceVersion "1"]
[SourceVersionDate "2005.11.24"]
[SourceQuality "1"]

1. e4 Nf6 2. Nc3 d5 3. e5 Nfd7 4. d4 e6 5. f4 c5 6. Nf3 Nc6 7. Bb5 Be7 8. 0-0 a6 9. Bxc6 bxc6 10. Kh1 g6 11. Ne2 Qb6 12. c4 cxd4 13. cxd5 cxd5 14. Nexd4 Bb7 15. Be3 Qd8 16. Rc1 Rc8 17. Qb3 Rb8 18. Qd3 0-0 19. f5 Nc5 20. Rxc5 Bxc5 21. f6 Qb6 22. Qd2 Qb4 23. Qf2 Rfc8 24. Qh4 Bf8 25. a3 Qxb2 26. Ng5 h5 27. g4 Rc2 28. gxh5 Rxh2+ 29. Qxh2 Qxh2+ 30. Kxh2 gxh5 31. Rg1 Bxa3 32. Ngxe6+ Kh8 33. Nf4 Rg8 34. Rb1 Bc8 35. Rb8 Bd7 36. Rb7 Rd8 37. Nxh5 Kg8 38. Ra7 Bg4 39. Nf4 Re8 40. Nd3 Rc8 41. Nf2 Bc5 42. Rxa6 Be2 43. Ra1 Re8 44. Rg1+ Kh8 45. Rg5 Rg8 46. Nxe2 Rxg5 47. Bxg5 Bxf2 48. Kg2 Bc5 49. Kf3 Kh7 50. Be3 Bb4 51. Nf4 Bc3 52. Nd3 Kg6 53. Kf4 Ba5 54. Bd4 Bd8 55. Nb4 Ba5 56. Nxd5 Bd2+ 57. Ke4 Bc1 58. Ne7+ Kh7 59. Be3 Bb2 60. Bf4 Kh8 61. Kd5 Ba3 62. Kc6 1-0

[Event "Kochan Memorial op"]
[Site "Koszalin"]
[Date "2001.08.11"]
[Round "7"]
[White "Baran, Pawel"]
[Black "Kamieniecki, Tomasz"]
[Result "1-0"]
[WhiteElo "2099"]
[BlackElo "2085"]
[PlyCount "41"]
[EventDate "2001.08.03"]
[EventType "swiss"]
[EventRounds "10"]
[EventCountry "POL"]
[SourceTitle "EXT 2002"]
[Source "ChessBase"]
[SourceDate "2001.11.25"]
[SourceVersion "1"]
[SourceVersionDate "2001.11.25"]
[SourceQuality "1"]

1. d4 Nf6 2. Nc3 g6 3. e4 d6 4. f4 Bg7 5. Nf3 0-0 6. Bc4 c5 7. Be3 Nbd7 8. h3 cxd4 9. Bxd4 Qc7 10. Bb3 e5 11. fxe5 dxe5 12. Be3 a6 13. 0-0 b5 14. a4 Rb8 15. axb5 axb5 16. Ra7 Qd8 17. Ng5 b4 18. Nd5 Nxd5 19. Qxd5 Nf6 20. Qxd8 Rxd8 21. Rxf7 1-0

[Event "Kochan Memorial op"]
[Site "Koszalin"]
[Date "2001.08.04"]
[Round "1"]
[White "Sokolowski, Ryszard"]
[Black "Kamieniecki, Tomasz"]
[Result "1-0"]
[WhiteElo "2265"]
[BlackElo "2085"]
[PlyCount "77"]
[EventDate "2001.08.03"]
[EventType "swiss"]
[EventRounds "10"]
[EventCountry "POL"]
[SourceTitle "EXT 2002"]
[Source "ChessBase"]
[SourceDate "2001.11.25"]
[SourceVersion "1"]
[SourceVersionDate "2001.11.25"]
[SourceQuality "1"]

1. Nf3 Nf6 2. g3 g6 3. d4 Bg7 4. Bg2 0-0 5. c4 d6 6. Nc3 Nbd7 7. 0-0 e5 8. e4 c6 9. h3 Re8 10. Be3 h6 11. Qc2 Qc7 12. Rab1 Nf8 13. Rfd1 g5 14. dxe5 dxe5 15. Bc5 N6d7 16. Bd6 Qd8 17. h4 Qf6 18. hxg5 hxg5 19. Nh2 Ne6 20. Ne2 Qg6 21. c5 g4 22. f3 gxf3 23. Nxf3 Bf6 24. Kf2 Qg7 25. Rh1 Ndf8 26. Rh5 Ng6 27. Rbh1 Nef8 28. Bh3 Bxh3 29. R5xh3 Be7 30. Bxe7 Nxe7 31. Rh5 Nfg6 32. Ke1 Rad8 33. Ng5 Rf8 34. Rf1 Rd7 35. Ng1 Nh8 36. N1f3 f6 37. Qb3+ Nf7 38. Rfh1 Rfd8 39. Rh8+ 1-0

[Event "POL-chT U19 2nd League"]
[Site "Krynica"]
[Date "2001.??.??"]
[Round "11"]
[White "Kamieniecki, Tomasz"]
[Black "Butkiewicz, Lukasz"]
[Result "1/2-1/2"]
[WhiteElo "2085"]
[BlackElo "2060"]
[PlyCount "40"]
[EventDate "2001.07.16"]
[EventType "team-swiss"]
[EventRounds "11"]
[EventCountry "POL"]
[SourceTitle "EXT 2003"]
[Source "ChessBase"]
[SourceDate "2002.11.25"]
[SourceVersion "1"]
[SourceVersionDate "2002.11.25"]
[SourceQuality "1"]
[WhiteTeam "Koszalin Hetman Politechnika U19"]
[BlackTeam "Wroclaw Srodmiescie U19 II"]
[WhiteTeamCountry "POL"]
[BlackTeamCountry "POL"]

1. Nf3 Nf6 2. g3 d5 3. Bg2 c5 4. 0-0 Nc6 5. d3 e6 6. Nbd2 Be7 7. e4 0-0 8. c3 b6 9. Re1 Bb7 10. Qc2 Rc8 11. h3 d4 12. c4 a6 13. Kh2 b5 14. Rg1 Na5 15. b3 bxc4 16. Nxc4 Nxc4 17. bxc4 Bc6 18. Ne5 Be8 19. f4 Nd7 20. Nf3 Nb6 1/2-1/2